[Event "UKR-POL Academic Teams"]
[Site "Lviv UKR"]
[Date "2013.09.28"]
[Round "4"]
[White "Andrzejewska,A"]
[Black "Onokienko,Olexandra"]
[Result "1-0"]
[WhiteElo "1983"]
[BlackElo "1874"]

1.e4 g6 2.d4 Bg7 3.Nc3 c6 4.f4 d5 5.e5 Nh6 6.Nf3 Bg4 7.h3 Bxf3 8.Qxf3 O-O
9.Be3 e6 10.O-O-O f6 11.exf6 Bxf6 12.g4 Bg7 13.Qg3 Nd7 14.h4 Nf6 15.Be2 b5
16.Bf3 a5 17.Qh3 Nd7 18.h5 Qe8 19.hxg6 hxg6 20.f5  1-0

[Event "St Petersburg Rapid Cup 2013"]
[Site "St Petersburg RUS"]
[Date "2013.09.28"]
[Round "2.2"]
[White "Anisimov,P2"]
[Black "Eliseev,Alexe"]
[Result "0-1"]
[WhiteElo "2538"]
[BlackElo "2379"]

1.e4 g6 2.d4 Bg7 3.Nc3 c6 4.Be3 d5 5.f3 dxe4 6.fxe4 e5 7.d5 Nf6 8.Nf3 O-O
9.h3 cxd5 10.exd5 e4 11.Nh2 Nh5 12.Qd2 Ng3 13.Rg1 Nf5 14.O-O-O Nxe3 15.Qxe3 Qd6
16.Ng4 f5 17.Nf2 Nd7 18.g4 Qb6 19.Qxb6 axb6 20.gxf5 gxf5 21.Bc4 Kh8 22.d6 Ne5
23.Bb3 Bd7 24.Nd5 Rad8 25.Kb1 Bh6 26.Nxb6 Bc6 27.Nc4 Nxc4 28.Bxc4 e3 29.Nd3 Rxd6
30.Ne5 Rxd1+ 31.Rxd1 f4 32.Rg1 f3 33.Nf7+ Rxf7 34.Bxf7 Bg7 35.Rd1 e2  0-1

[Event "TCh-Moscow GpA 2013"]
[Site "Moscow RUS"]
[Date "2013.09.29"]
[Round "6.2"]
[White "Krivenko,S"]
[Black "Turdyev,A"]
[Result "1-0"]
[WhiteElo "2295"]
[BlackElo "2376"]

1.d4 g6 2.e4 Bg7 3.Nc3 c6 4.h3 d5 5.e5 h5 6.Nf3 Nh6 7.Bf4 b6 8.Qd2 a5 9.O-O-O Na6
10.Be2 Nc7 11.g4 Ne6 12.gxh5 Nxf4 13.Qxf4 Bf5 14.Kb1 e6 15.Rdg1 Bf8 16.hxg6 fxg6
17.Nh4 Qe7 18.Bd3 g5 19.Nxf5 gxf4 20.Nxe7 Bxe7 21.Ne2 f3 22.Nf4 Kd7 23.c4 Rhf8
24.Nxe6 Rg8 25.cxd5 Bh4 26.Rf1 cxd5 27.Nf4 Kc6 28.a4 Rad8 29.Ng6 Rxg6 30.Bxg6 Rg8
31.Rhg1 Kb7 32.Bd3  1-0

[Event "Tatry Open 2013"]
[Site "Tatranske Zruby SVK"]
[Date "2013.09.29"]
[Round "1.21"]
[White "Janousek,P"]
[Black "Bhakti,K"]
[Result "1/2-1/2"]
[WhiteElo "2162"]
[BlackElo "2285"]

1.e4 g6 2.d4 Bg7 3.Nc3 c6 4.Nf3 d5 5.h3 Nh6 6.Bd3 f6 7.Qe2 Nf7 8.Bf4 O-O
9.Bg3 Re8 10.O-O e5 11.dxe5 fxe5 12.Rad1 d4 13.Bc4 Qe7 14.Bh4 Bf6 15.Bxf6 Qxf6
16.Nb1 Kg7 17.Nbd2 Nd6 18.Bb3 Nd7 19.Ne1 Nc5 20.Nd3 Nxb3 21.axb3 Nf7 22.f4 exf4
23.Rxf4 Qe7 24.Qf2 Rd8 25.e5 Bf5 26.e6 Qxe6 27.Re1 Qd5 28.Nb4 Qd6 29.g4 Ng5
30.Kg2 Be6 31.h4 Qxb4 32.hxg5 Bd5+  1/2-1/2

[Event "Tatry Open 2013"]
[Site "Tatranske Zruby SVK"]
[Date "2013.10.03"]
[Round "6.14"]
[White "Kubik,M"]
[Black "Petran,Pe"]
[Result "1-0"]
[WhiteElo "2157"]
[BlackElo "2320"]

1.e4 g6 2.d4 Bg7 3.Nc3 c6 4.f4 d5 5.e5 Nh6 6.Be3 f6 7.h3 Nf5 8.Bf2 fxe5 9.dxe5 e6
10.Nf3 b6 11.g4 Ne7 12.Qd2 Ba6 13.O-O-O Qd7 14.Bh4 Bxf1 15.Rhxf1 Na6 16.Ne4 O-O-O
17.Nd6+ Kb8 18.Nf7 Rde8 19.Nxh8 Bxh8 20.Bf6 Nc5 21.Qd4 a5 22.Kb1 Nc8 23.Bxh8 Rxh8
24.f5 Rf8 25.fxg6 hxg6 26.Ng5 Qe7 27.Rf6 Rg8 28.Qf4 Rg7 29.Rf1 b5 30.h4 Nb6
31.Rf7 Rxf7 32.Qxf7 Qxf7 33.Rxf7 Nc4 34.h5 gxh5 35.gxh5 Nxe5 36.h6  1-0

[Event "Chinese Teams 2013"]
[Site "Qingdao CHN"]
[Date "2013.10.10"]
[Round "11.5"]
[White "Koneru,H"]
[Black "Huang Qian"]
[Result "1/2-1/2"]
[WhiteElo "2607"]
[BlackElo "2483"]

1.d4 g6 2.e4 Bg7 3.Nc3 c6 4.Be3 d6 5.Qd2 Nd7 6.h4 h5 7.Nh3 Ngf6 8.f3 e5 9.O-O-O Qe7
10.Be2 a6 11.dxe5 dxe5 12.Nf2 O-O 13.g4 Nc5 14.Bg5 Ne6 15.gxh5 gxh5 16.Nd3 Rd8
17.Qe3 Nf8 18.f4 exf4 19.Nxf4 Rxd1+ 20.Rxd1 Bg4 21.Rg1 Qe5 22.Nd3 Qe6 23.Nc5 Qe5
24.Bf4 Qe7 25.e5 Nd5 26.Nxd5 cxd5 27.Bxg4 hxg4 28.Rxg4 Ng6 29.Nd3 Kh7 30.Qg3 Rg8
31.Kd1 Qe6 32.h5 Nxf4 33.Nxf4 Qxe5 34.c3 Re8 35.Rg5 Qf6 36.Qd3+ Kg8 37.Rf5 Qh4
38.Kc2 Qf2+ 39.Qd2 Qxd2+ 40.Kxd2 d4 41.c4 Re4 42.Nd5 Rh4 43.Ne7+ Kh8 44.Rxf7 Rh2+
45.Kd3 Rh3+ 46.Ke4 d3 47.Ng6+ Kg8 48.Rxb7 d2 49.Rd7 Bh6 50.c5 Rh1 51.b4 Bg5
52.Kf5 d1=Q 53.Rxd1 Rxd1 54.Kxg5 Kf7 55.Kf5 Rh1 56.Nf4 Ke7 57.Ke5 Re1+ 58.Kd5 Rf1
59.Ng6+ Kd8 60.a4 Kc7 61.Ne5 Rh1 62.b5 axb5 63.axb5 Rxh5 64.Ke6 Rh1 65.Nf3 Rb1
66.Nd4 Rxb5  1/2-1/2

[Event "Chinese Teams 2013"]
[Site "Qingdao CHN"]
[Date "2013.10.11"]
[Round "12.6"]
[White "Xu Huahua"]
[Black "Harika,D"]
[Result "0-1"]
[WhiteElo "2125"]
[BlackElo "2475"]

1.e4 g6 2.d4 Bg7 3.Nc3 c6 4.f4 d5 5.e5 Nh6 6.Nf3 Bg4 7.Bd3 f6 8.O-O O-O 9.h3 Bxf3
10.Rxf3 e6 11.Qf1 Nd7 12.Ne2 Qb6 13.Kh2 fxe5 14.fxe5 Rxf3 15.Qxf3 Rf8 16.Qg3 Nf5
17.Bxf5 Rxf5 18.c3 c5 19.a4 a5 20.Qg4 Rf1 21.Ra3 c4 22.h4 Nxe5 23.dxe5 Bxe5+
24.Bf4 Bxf4+ 25.Nxf4 Qg1+ 26.Kh3 Qe3+ 27.g3 Rh1+ 28.Kg2 Qe4+ 29.Kf2 Rh2+  0-1

[Event "Chinese Teams 2013"]
[Site "Qingdao CHN"]
[Date "2013.10.12"]
[Round "13.1"]
[White "Liu,Manli"]
[Black "Harika,D"]
[Result "0-1"]
[WhiteElo "2133"]
[BlackElo "2475"]

1.e4 g6 2.d4 Bg7 3.Nc3 c6 4.Be3 d5 5.Nf3 dxe4 6.Nxe4 Nd7 7.Qd2 Ngf6 8.Nxf6+ Nxf6
9.c3 Ne4 10.Qc2 Nd6 11.Bd3 Bf5 12.O-O O-O 13.Rfe1 Re8 14.Bf4 Qd7 15.Ne5 Bxd3
16.Qxd3 Qf5 17.Qxf5 Nxf5 18.Rad1 Bxe5 19.Bxe5 f6 20.Bg3 Rad8 21.f3 Kf7 22.Bf2 Rd7
23.g4 Ng7 24.Rd2 e5 25.Rde2 exd4 26.Rxe8 Nxe8 27.Bxd4 b6 28.Kf2 Nd6 29.Re2 g5
30.f4 gxf4 31.Kf3 c5 32.Bf2 Nc4 33.Kxf4 Ne5 34.g5 Nd3+ 35.Kg4 fxg5 36.Kxg5 Rd5+
37.Kg4 Re5 38.Rd2 c4 39.Bd4 h5+ 40.Kh4 Rf5 41.b3 Ne1 42.Rd1 Nf3+ 43.Kg3 cxb3
44.axb3 Nxd4 45.Rxd4 Ke6 46.Rd8 a5 47.c4 b5 48.cxb5 Rxb5 49.Rd3 Rb4 50.h3 Ke5
51.Kf3 Rd4 52.Re3+ Kd5 53.Ke2 Re4 54.Kd3 Rxe3+ 55.Kxe3 Kc5 56.Kd3 Kb4 57.Kc2 h4
58.Kb2 Kc5 59.Ka3 Kd4 60.b4 axb4+ 61.Kxb4 Ke3 62.Kc3 Kf3 63.Kd3 Kg3 64.Ke3 Kxh3
65.Kf3 Kh2 66.Kf2 h3 67.Kf1  0-1

[Event "TCh-FIN SM 2013-14"]
[Site "Oulu FIN"]
[Date "2013.10.13"]
[Round "4.4"]
[White "Rantanen,Y"]
[Black "Vinke,D"]
[Result "1/2-1/2"]
[WhiteElo "2331"]
[BlackElo "2212"]

1.d4 g6 2.e4 Bg7 3.Nc3 c6 4.Nf3 d5 5.h3 Nh6 6.Bd3 O-O 7.O-O f6 8.Re1 Nf7
9.Bf1 e6 10.Be3 b6 11.Qd2 Na6 12.Rad1 Nc7 13.Qc1 Bb7 14.Bf4 Qd7 15.e5 f5
16.Ng5 Ba6 17.Nxf7 Qxf7 18.Ne2 Rfc8 19.Qe3 Bf8 20.h4 c5 21.c3 Ne8 22.h5 gxh5
23.Qh3 Be7 24.Ng3 Bxf1 25.Nxf1 Kh8 26.Re2 Qg6 27.Rd3 h4  1/2-1/2

[Event "TCh-ISL Div1 2013-14"]
[Site "Reykjavik ISL"]
[Date "2013.10.13"]
[Round "4.4"]
[White "Ulfarsson,M"]
[Black "Jensson,E"]
[Result "0-1"]
[WhiteElo "2389"]
[BlackElo "2305"]

1.e4 g6 2.d4 Bg7 3.Nc3 c6 4.Be2 b5 5.a3 d6 6.Be3 Qc7 7.Qd2 Nd7 8.f4 Nb6 9.Nf3 Nf6
10.h3 Nc4 11.Bxc4 bxc4 12.g4 Rb8 13.Rb1 d5 14.e5 Ng8 15.Qg2 e6 16.O-O h5
17.Ne2 Qa5 18.c3 Qa4 19.Ng3 hxg4 20.hxg4 Nh6 21.Nh2 Bf8 22.Rf2 Rb7 23.Rbf1 Qb3
24.Qf3 Qa2 25.f5 gxf5 26.Bxh6 Bxh6 27.gxf5 Rxb2 28.Ng4 Bg5 29.Nf6+ Kf8 30.Kg2 Qxa3
31.Qg4 Bxf6 32.exf6 Rg8 33.Qf4 Rb7 34.Rb1 Qxc3 35.Qd6+ Ke8 36.Rxb7 Qxg3+
37.Qxg3 Rxg3+ 38.Kxg3 Bxb7 39.Rb2 Bc8 40.fxe6 Bxe6 41.Rb8+ Kd7 42.Kf4 Kd6
43.Rd8+ Bd7 44.Rf8 Ke6 45.Ra8 Kxf6 46.Rxa7 Ke6 47.Ra5 f6 48.Rc5 Kd6 49.Ra5 Bh3
50.Ra3 Be6 51.Ra5 Bc8 52.Ra8 Kc7 53.Ra7+ Kb6 54.Ra8 Bh3 55.Rh8 Bd7 56.Rh7 Bc8
57.Rh8 c3 58.Ke3 Bf5 59.Rf8 Kb5 60.Rxf6 Be4 61.Rf8 Bc2 62.Rc8 Ba4 63.Kd3 Kb4
64.Rh8 Kb3 65.Rh1 Bb5+ 66.Ke3 Kb2 67.Rg1 Ba6 68.Rh1 Bc8 69.Rf1 Bh3 70.Rg1 Bf5
71.Rh1 Bc8 72.Kd3 Ba6+ 73.Ke3 Bb5 74.Rg1 Kb3 75.Rh1 Kc4 76.Rh8 Kb4 77.Rc8 Ba4
78.Kd3 Kb3 79.Rh8 Kb2 80.Rh1 Bc2+  0-1

[Event "TCh-ISL Div1 2013-14"]
[Site "Reykjavik ISL"]
[Date "2013.10.13"]
[Round "5.3"]
[White "Kjartansson,Dav"]
[Black "Thorsteinsson,T"]
[Result "1/2-1/2"]
[WhiteElo "2348"]
[BlackElo "2243"]

1.e4 g6 2.d4 Bg7 3.Nc3 c6 4.f4 d5 5.e5 h5 6.Nf3 Nh6 7.Be3 Bg4 8.Be2 e6 9.Qd2 Bf8
10.Na4 Nd7 11.b3 b5 12.Nc5 Nxc5 13.dxc5 a5 14.O-O Nf5 15.Bf2 Be7 16.Rfd1 Qc7
17.Ne1 Bxe2 18.Qxe2 Kf8 19.c4 Kg7 20.cxb5 cxb5 21.Rac1 Qc6 22.Nd3 b4 23.Rc2 Rhc8
24.Nb2 Qa6 25.Qf3 Rc6 26.Na4 Rac8 27.g3 Qb5 28.Rdc1 d4 29.Rc4 Bxc5 30.Kg2 Ne7
31.g4 hxg4 32.Qxg4 Nd5 33.Kh1 Be7 34.Nb2 Nc3 35.Qg2 Rxc4 36.bxc4 Qc6 37.Bxd4 Ne2
38.Rd1 Nxf4 39.Qxc6 Rxc6 40.Be3 Ne2 41.Rd7 Bc5  1/2-1/2

[Event "TCh-ISL Div1 2013-14"]
[Site "Reykjavik ISL"]
[Date "2013.10.13"]
[Round "5.2"]
[White "Omarsson,D"]
[Black "Jensson,E"]
[Result "1/2-1/2"]
[WhiteElo "2246"]
[BlackElo "2305"]

1.e4 g6 2.d4 Bg7 3.Nc3 c6 4.h3 b5 5.a3 d6 6.Be3 a6 7.f4 Nd7 8.Nf3 Bb7 9.Be2 Ngf6
10.e5 Nd5 11.Nxd5 cxd5 12.O-O Nb6 13.b3 Qc7 14.Bd3 e6 15.Qe1 O-O 16.Qh4 Qd8
17.Qg3 Bc6 18.h4 h5 19.Ng5 Bd7 20.Qh2 f6  1/2-1/2

[Event "TCh-Belgrade Premier liga 2013"]
[Site "Belgrade SRB"]
[Date "2013.10.15"]
[Round "4.3"]
[White "Grbic,Br"]
[Black "Simic,Milan M"]
[Result "1/2-1/2"]
[WhiteElo "2004"]
[BlackElo "2180"]

1.e4 g6 2.d4 Bg7 3.Nc3 c6 4.f4 d5 5.Nf3 dxe4 6.Nxe4 Bg4 7.c3 Nf6 8.Nxf6+ Bxf6
9.Bc4 O-O 10.O-O e6 11.Qb3 Bxf3 12.Rxf3 Qb6 13.Qc2 c5 14.d5 exd5 15.Bxd5 Nc6
16.Be3 Rad8 17.Qb3 Qxb3 18.Bxb3 b6 19.Rff1 Na5 20.Kf2 Nxb3 21.axb3 a5 22.Rad1 Rxd1  1/2-1/2

[Event "TCh-AUT 2nd West 2013-14"]
[Site "Austria AUT"]
[Date "2013.10.18"]
[Round "1.6"]
[White "Pflug,M"]
[Black "Kuecher,W"]
[Result "1-0"]
[WhiteElo "2292"]
[BlackElo "2093"]

1.e4 g6 2.d4 Bg7 3.Nc3 c6 4.Be3 d5 5.e5 f6 6.f4 Nh6 7.Qd2 Ng4 8.Nf3 Nxe3
9.Qxe3 O-O 10.h4 fxe5 11.fxe5 Bf5 12.O-O-O e6 13.h5 c5 14.hxg6 Bxg6 15.Bd3 Nc6
16.Bxg6 hxg6 17.Qd3 Rf5 18.Nb5 Qa5 19.g4 Nb4 20.Qe2 Rf4 21.Qh2 Rxf3 22.Qh7+ Kf7
23.Rhf1 Rf5 24.gxf5 exf5 25.Nd6+ Kf8 26.Qxg6 Qc7 27.Rxf5+  1-0

[Event "TCh-AUT 2nd West 2013-14"]
[Site "Austria AUT"]
[Date "2013.10.20"]
[Round "3.5"]
[White "Ljubic,J"]
[Black "Kuecher,W"]
[Result "1-0"]
[WhiteElo "2226"]
[BlackElo "2093"]

1.e4 g6 2.d4 Bg7 3.Nc3 c6 4.Bc4 d6 5.Nf3 Nf6 6.Bb3 O-O 7.O-O Bg4 8.h3 Bxf3
9.Qxf3 Nbd7 10.Bg5 c5 11.dxc5 Nxc5 12.Rad1 Nxb3 13.axb3 h6 14.Bf4 Qc8 15.Qe2 Rd8
16.Rfe1 Nh5 17.Be3 Nf6 18.Bd4 e5 19.Be3 Qc6 20.Nd5 Nxd5 21.Rxd5 f5 22.f3 fxe4
23.fxe4 Rf8 24.Qc4 Rac8 25.Rc5+ d5 26.exd5 Qd7 27.Rxc8 Rxc8 28.Qd3 a6 29.Qxg6 Qxd5
30.Bxh6 Rc7 31.Bxg7 Rxg7 32.Qe4 Qc5+ 33.Kh2 Qf2 34.Re2 Qg3+ 35.Kh1 Rg5 36.Rd2 Rh5
37.Rd8+ Kf7 38.Qd5+ Ke7 39.Qd6+ Kf7 40.Rd7+  1-0

[Event "TCh-CZE Vychod 2013-14"]
[Site "Czech Rep CZE"]
[Date "2013.10.20"]
[Round "1.3"]
[White "Pokorny,Z"]
[Black "Hrabusa,M"]
[Result "1-0"]
[WhiteElo "2275"]
[BlackElo "2343"]

1.e4 g6 2.d4 Bg7 3.Nc3 c6 4.Nf3 d5 5.h3 Nf6 6.Bd3 dxe4 7.Nxe4 Nxe4 8.Bxe4 Nd7
9.O-O O-O 10.Re1 Qc7 11.c3 e5 12.dxe5 Nxe5 13.Bf4 Rd8 14.Qc1 Re8 15.Kh1 Bd7
16.Bg3 Re7 17.Qd2 Rae8 18.Rad1 Bc8 19.Nxe5 Bxe5 20.f4 Bg7 21.Bf3 Be6 22.Kh2 Rd7
23.Rxe6 Rxd2 24.Rxe8+ Bf8 25.Rxd2 Kg7 26.f5  1-0

[Event "TCh-CZE Vychod 2013-14"]
[Site "Czech Rep CZE"]
[Date "2013.10.20"]
[Round "1.4"]
[White "Kriebel,T"]
[Black "Sremanak,S"]
[Result "1-0"]
[WhiteElo "2381"]
[BlackElo "2191"]

1.e4 c6 2.d4 g6 3.Nc3 Bg7 4.Nf3 d5 5.h3 dxe4 6.Nxe4 Nf6 7.Nxf6+ exf6 8.Bc4 O-O
9.O-O Nd7 10.Re1 Nb6 11.Bb3 Re8 12.Bd2 Be6 13.Ba5 Qd7 14.Bxb6 axb6 15.c4 Red8
16.d5 cxd5 17.cxd5 Bf5 18.g4 Bxg4 19.hxg4 Qxg4+ 20.Kh1 Bf8 21.Nh2 Qh4 22.Qf3 Bd6
23.Qg2 Re8 24.Kg1 Qb4 25.Nf3 Kg7 26.Rad1 h6 27.Qh3 Rad8 28.Qh4 Rxe1+ 29.Rxe1 Bf4
30.Rd1 Qd6 31.Nd4 Re8 32.Qg4 Re5 33.Kf1 Rg5 34.Qf3 Be5 35.Ne6+ fxe6 36.dxe6 Qc6
37.Qxc6  1-0

[Event "TCh-CZE Zapad 2013-14"]
[Site "Czech Rep CZE"]
[Date "2013.10.20"]
[Round "1.7"]
[White "Tazlar,P"]
[Black "Nidl,P"]
[Result "1/2-1/2"]
[WhiteElo "2163"]
[BlackElo "2203"]

1.e4 g6 2.d4 Bg7 3.Nc3 c6 4.Be3 d5 5.f3 dxe4 6.fxe4 Nf6 7.Be2 O-O 8.Qd2 e5
9.O-O-O Ng4 10.Bxg4 Bxg4 11.Nf3 exd4 12.Bxd4 Bxd4 13.Qxd4 Qxd4 14.Rxd4 Na6  1/2-1/2

[Event "14th Liberec Open"]
[Site "Liberec CZE"]
[Date "2013.10.31"]
[Round "7.3"]
[White "Kovar,V"]
[Black "Ostling,H"]
[Result "1-0"]
[WhiteElo "2312"]
[BlackElo "2203"]

1.e4 g6 2.d4 Bg7 3.Nc3 c6 4.Be3 d5 5.Qd2 Nf6 6.e5 Ng4 7.Bf4 h5 8.h3 Nh6 9.Nf3 b6
10.Bd3 e6 11.Bg5 Qd7 12.h4 Ng8 13.O-O-O Ba6 14.Ne2 Bxd3 15.Qxd3 Qb7 16.Nf4 Ne7
17.Bf6 Bxf6 18.exf6 Nc8 19.Ne5 Nd6 20.Rhe1 Ne4 21.Rxe4 dxe4 22.Qxe4 Nd7 23.Nxf7 Nxf6
24.Nd6+ Kf8 25.Qe5  1-0

[Event "Stockholm All Saints Open 2013"]
[Site "Stockholm SWE"]
[Date "2013.10.31"]
[Round "2.4"]
[White "Bellon Lopez,JuM"]
[Black "Bit-Narva,David"]
[Result "1-0"]
[WhiteElo "2378"]
[BlackElo "1935"]

1.d4 g6 2.e4 Bg7 3.Nc3 c6 4.Be3 d5 5.Qd2 dxe4 6.Nxe4 Nd7 7.O-O-O Ngf6 8.Ng3 O-O
9.h4 h5 10.Bh6 Bxh6 11.Qxh6 Qa5 12.Bc4 e6 13.f3 b5 14.Bxe6 fxe6 15.Qxg6+ Kh8
16.Nxh5 Nxh5 17.Qxh5+ Kg7 18.Kb1 Nf6 19.Qe5 Rd8 20.Nh3 Rd5 21.Qg3+ Kf8 22.Qg6 Qd8
23.Qh6+ Ke7 24.Nf4 Rf5 25.g4 Ng8 26.Qg7+ Rf7 27.Ng6+  1-0

[Event "TCh-SVK Ext 2013-14"]
[Site "Trencin SVK"]
[Date "2013.11.09"]
[Round "1.7"]
[White "Gazik,Viktor"]
[Black "Petran,Pe"]
[Result "1/2-1/2"]
[WhiteElo "2137"]
[BlackElo "2321"]

1.e4 g6 2.d4 Bg7 3.Nc3 c6 4.Be3 d6 5.f3 b5 6.Qd2 Nd7 7.g4 a6 8.h4 h5 9.g5 Nb6
10.b3 a5 11.a4 b4 12.Nce2 Ba6 13.Rd1 d5 14.Bh3 e6 15.e5 Ne7 16.Nf4 Qc8 17.Nd3 Nd7
18.f4 Qc7 19.Nf3 O-O 20.Nc5 Nxc5 21.dxc5 d4 22.Bxd4 Rfd8 23.Qf2 Rd7 24.Nd2 Rad8
25.Ne4 Bxe5 26.fxe5 Qxe5 27.Qe3 Rxd4 28.Nf6+ Qxf6 29.gxf6 Rxd1+ 30.Kf2 R8d2+
31.Kg3 Nd5 32.Qh6 Nxf6 33.Bxe6 Ne4+ 34.Kf4 Rf2+ 35.Kxe4 Rxh1 36.Qxg6+ Kf8
37.Qh6+ Ke7 38.Qg5+ Rf6 39.Bf5 Rd1 40.Bh3 Rd5 41.Qg8 Be2 42.Qb8 Bg4 43.Bxg4 hxg4
44.h5 Rh6 45.Qc7+ Rd7 46.Qxa5 Rxh5 47.Qxb4 f6 48.Kf4 Rg5 49.Kg3 Kf7 50.a5 Re7
51.Qc3 Rg7 52.a6 f5 53.Qc4+ Kf6 54.Qd4+ Kg6 55.Qd6+ Kh5 56.Qxc6 f4+ 57.Kxf4 Rgf7+
58.Kg3 Re3+ 59.Kg2 Re2+ 60.Kg1 Re1+ 61.Kg2 Re2+ 62.Kg1  1/2-1/2

[Event "2nd Crimea Autumn 2013"]
[Site "Simferopol UKR"]
[Date "2013.11.14"]
[Round "2"]
[White "Pavlov,Ma"]
[Black "Sanduleac,V"]
[Result "1-0"]
[WhiteElo "2463"]
[BlackElo "2427"]

1.e4 g6 2.d4 Bg7 3.Nc3 c6 4.f4 d5 5.e5 Nh6 6.Nf3 f6 7.Be3 Nf5 8.Bf2 fxe5
9.fxe5 Bh6 10.Bd3 Ne3 11.Bxe3 Bxe3 12.Qe2 Bh6 13.Qf2 O-O 14.Qh4 Kg7 15.O-O e6
16.Qg4 Qe7 17.h4 b6 18.h5 Ba6 19.hxg6 Bxd3 20.gxh7+ Kxh7 21.cxd3 Rg8 22.Qh3 Nd7
23.Ne2 Rg7 24.Rac1 c5 25.Nf4 Rag8 26.Kf2 Qf7 27.Qxh6+  1-0

[Event "76th ch-CRC 2013"]
[Site "San Jose CRC"]
[Date "2013.11.15"]
[Round "1.4"]
[White "Romero Holmes,A"]
[Black "Rakhmanov,Ale"]
[Result "0-1"]
[WhiteElo "2522"]
[BlackElo "2595"]

1.e4 g6 2.d4 Bg7 3.Nc3 c6 4.f4 d6 5.Nf3 Bg4 6.Be3 Bxf3 7.Qxf3 Nd7 8.O-O-O Qa5
9.Bc4 e6 10.f5 gxf5 11.Qg3 Bf8 12.d5 cxd5 13.exd5 e5 14.Bb5 Ne7 15.Qh3 Qc7
16.Bd3 e4 17.Nb5 Qb8 18.Be2 Ne5 19.Rhf1 a6 20.Nd4 Qc7 21.Nxf5 Rc8 22.c3 Nxf5
23.Qxf5 Bg7 24.Rd4 O-O 25.Rxe4 b5 26.Kb1 Rce8 27.h4 Qb7 28.h5 h6 29.Bd4 Qd7
30.Qxd7 Nxd7 31.Rg4 Ne5 32.Rg3 Kh8 33.Kc2 f5 34.Rf4 Re7 35.Re3 Rb7 36.a4 bxa4
37.Bxa6 Rb3 38.Bxe5 Bxe5 39.Rxa4 Rfb8 40.Ra2 f4 41.Re2 Kg7 42.Bc4 R3b7 43.b3 Kf6
44.Ra6 Kg5 45.b4 Kxh5 46.Kb3 Kg4 47.Rea2 Kg3 48.Bd3 h5 49.Be4 h4 50.Ra7 f3
51.Rxb7 Rxb7 52.Bxf3 h3 53.gxh3 Kxf3 54.Ra6 Ke4 55.c4 Rh7 56.Rc6 Rxh3+ 57.Ka4 Rh1
58.Ka5 Rb1 59.Kb5 Kd4 60.Ra6 Bg3 61.Rb6 Kc3 62.Ka5 Kxc4 63.Rc6+ Kxd5 64.b5 Bf2  0-1

[Event "IX Chervonograd Cup A 2013"]
[Site "Chervonograd UKR"]
[Date "2013.11.16"]
[Round "10.4"]
[White "Skawinski,A"]
[Black "Berlin,D"]
[Result "1-0"]
[WhiteElo "2309"]
[BlackElo "2113"]

1.e4 g6 2.d4 Bg7 3.Nc3 c6 4.Nf3 d6 5.a4 b6 6.Bc4 Nf6 7.O-O O-O 8.h3 Nxe4
9.Nxe4 d5 10.Bd3 dxe4 11.Bxe4 Qc7 12.Re1 Nd7 13.Qe2 Bb7 14.a5 Rae8 15.Bd2 Nf6
16.Bd3 Nd5 17.axb6 axb6 18.Ra7 Ra8 19.Rxa8 Bxa8 20.Ne5 b5 21.h4 Bb7 22.h5 Bc8
23.hxg6 hxg6 24.Qf3 Qd6 25.c3 f5 26.Bc2 Bb7 27.Qg3 Bxe5 28.Rxe5 Kf7 29.Bb3 Ke8
30.Bg5 Rf7 31.Rxe7+  1-0

[Event "76th ch-CRC 2013"]
[Site "San Jose CRC"]
[Date "2013.11.18"]
[Round "5.6"]
[White "Chinchilla,E"]
[Black "Rakhmanov,Ale"]
[Result "0-1"]
[WhiteElo "2191"]
[BlackElo "2595"]

1.d4 g6 2.e4 Bg7 3.Nc3 c6 4.Nf3 d5 5.h3 Nh6 6.Bf4 f6 7.exd5 cxd5 8.Nb5 Na6
9.c4 Nf7 10.Qb3 g5 11.Be3 e6 12.cxd5 exd5 13.Nc3 Nc7 14.Bb5+ Bd7 15.Bxd7+ Qxd7
16.Qxb7 O-O 17.Qb3 f5 18.O-O f4 19.Bd2 h5 20.Rfe1 Rab8 21.Qc2 g4 22.Ne5 Nxe5
23.dxe5 gxh3 24.e6 Nxe6 25.Qg6 Nd4 26.Re5 Rb6 27.Qg5 hxg2 28.Rxd5 Qh3 29.Qxg2 Rg6  0-1

[Event "Piestany Open 2013"]
[Site "Piestany SVK"]
[Date "2013.11.19"]
[Round "2.7"]
[White "Chovan,Milan"]
[Black "Jablonicky,F"]
[Result "1/2-1/2"]
[WhiteElo "1930"]
[BlackElo "2173"]

1.e4 c6 2.d4 g6 3.Nc3 Bg7 4.Nf3 d5 5.h3 Nf6 6.e5 Ne4 7.Nxe4 dxe4 8.Ng5 c5
9.c3 cxd4 10.Qxd4 Qc7 11.Qc4 Qxc4 12.Bxc4 O-O 13.Bf4 Nc6 14.Nxe4 Nxe5 15.Bxe5 Bxe5
16.O-O b5 17.Bd5 Rb8 18.Rad1 b4 19.Rfe1 Bg7 20.Rd2 a5 21.Red1 e6 22.Bb3 Bb7
23.Nc5 Bc6 24.Rd6 Rfc8 25.cxb4 Bf8 26.R6d2 axb4 27.Nd7 Bxd7 28.Rxd7 Bg7 29.R1d2 Bf6
30.Ra7 Rd8 31.Rxd8+ Bxd8 32.Bc4 Bf6 33.b3 Rd8 34.a4 bxa3 35.Rxa3 Rd2 36.b4 Rd4
37.Be2 Rxb4 38.g3 Rb2 39.Kf1 Bd4 40.Ra4 Bb6 41.Rc4 Kg7 42.Ra4 Rb1+ 43.Kg2 Rb2
44.Kf1 Kf6 45.Rc4 Ke5 46.Rf4 f5 47.h4 Kd5 48.Bc4+ Kd6 49.Be2 e5 50.Ra4 Kd5
51.Bc4+ Kc6 52.Be2 e4 53.Rc4+ Kd7 54.Ra4 Kd6 55.Ra8 Bd4 56.Rd8+ Ke5 57.Rh8 Rb7
58.Re8+ Kf6 59.Ra8 h6 60.Ra6+ Kg7 61.Rd6 Ba7 62.Ra6 Rb1+ 63.Kg2 Bb6 64.Ra4 Kf6
65.Rc4 Rb2 66.Kf1 Kf7 67.Rc6 Kg7 68.Rd6 g5 69.Rd7+ Kf6 70.Rd6+ Ke5 71.Rxh6 f4
72.gxf4+ gxf4 73.Rh5+ Kf6 74.Rb5  1/2-1/2

[Event "Chennai GM Open 2013"]
[Site "Chennai IND"]
[Date "2013.11.20"]
[Round "8.4"]
[White "Rishi,S"]
[Black "Lalith,B"]
[Result "0-1"]
[WhiteElo "2356"]
[BlackElo "2570"]

1.e4 g6 2.d4 Bg7 3.Nc3 c6 4.Be3 d5 5.e5 f6 6.f4 Nh6 7.Nf3 Qb6 8.Na4 Qc7 9.Bd3 Bf5
10.O-O Nd7 11.h3 b5 12.Nc3 Nb6 13.g4 Bd7 14.b3 Nf7 15.Ne2 O-O-O 16.a4 bxa4
17.Ba6+ Kb8 18.c4 dxc4 19.bxc4 Ka8 20.Qc2 Rb8 21.Nc3 g5 22.e6 Bxe6 23.d5 Bd7
24.Nxa4 Nxa4 25.Rxa4 gxf4 26.Bf2 c5 27.Bb5 Bxb5 28.cxb5 Rb7 29.Rfa1 Kb8 30.b6 Qxb6
31.Bxc5 Rc8 32.Rc4 Rxc5 33.Rxc5 f5 34.Kh1 Nd6 35.Rc1 a6 36.gxf5 Qb3 37.Qf2 Qd3
38.Rc6 Qxd5 39.Rb6 Bd4 40.Rxb7+ Kxb7 41.Qg2 Be3 42.Rb1+ Kc7 43.Qc2+ Kd7 44.Qa4+ Kc7
45.Qc2+ Qc6 46.Qxc6+ Kxc6 47.Ra1 Kb6 48.Rb1+ Nb5 49.Kg2 a5 50.Ne5 a4 51.Kf3 Bd4
52.Kxf4 a3 53.Nc4+ Kc5 54.Rxb5+ Kxc4 55.Ra5 Kb3 56.Ke4 Bf6 57.Kd5 a2 58.Ke6 h5
59.Ra8 h4 60.Kf7 Kb2 61.Rb8+ Kc2 62.Ra8 a1=Q 63.Rxa1 Bxa1 64.Kxe7 Kd3 65.f6 Ke4
66.f7 Bg7  0-1

[Event "10th Vasylyshyn Memorial GM"]
[Site "Lviv UKR"]
[Date "2013.11.23"]
[Round "5"]
[White "Vetoshko,V"]
[Black "Okhotnik,V"]
[Result "1/2-1/2"]
[WhiteElo "2334"]
[BlackElo "2421"]

1.e4 g6 2.d4 Bg7 3.Nc3 c6 4.Nf3 d6 5.h3 Nd7 6.Be3 Ngf6 7.a4 O-O 8.a5 Qc7
9.Be2 e5 10.dxe5 Nxe5 11.Nxe5 dxe5 12.Qc1 Re8 13.O-O Nd7 14.Rd1 Bf8 15.Qb1 Bb4
16.Qa2 Nf8 17.Qa4 Qe7 18.Nb5 Ne6 19.Nxa7 Nf4 20.Bxf4 Rxa7 21.Bg5 Qxg5 22.Qxb4 Bxh3
23.Bf1 Bg4 24.Rd3 Qe7 25.Qxe7 Rxe7 26.Rd8+ Kg7 27.b4 Kf6 28.f3 Be6 29.c4 Rc7
30.c5 Rc8 31.Rxc8 Bxc8 32.Rd1 Ke7 33.Bc4 Ra8 34.Rd6 f6 35.Bg8 h5 36.Bh7 g5
37.Bg6 h4 38.Bh5 Bd7 39.Bg4 Be8 40.Kf2 Rd8 41.Rxd8 Kxd8 42.Be6 Kc7 43.Ke3 Kb8
44.Kd3 Ka7 45.Kc3 Kb8 46.Kc4 Kc7 47.Kc3 Kb8 48.Kb3 Kc7 49.Ka4 Kb8  1/2-1/2

[Event "10th Vasylyshyn Memorial GM"]
[Site "Lviv UKR"]
[Date "2013.11.25"]
[Round "7"]
[White "Sivuk,V"]
[Black "Okhotnik,V"]
[Result "1/2-1/2"]
[WhiteElo "2517"]
[BlackElo "2421"]

1.e4 g6 2.d4 Bg7 3.Nc3 c6 4.h3 b5 5.Nf3 b4 6.Ne2 d6 7.Ng3 Nf6 8.Bd3 O-O 9.O-O a5
10.Bg5 Ba6 11.Re1 h6 12.Bf4 Bxd3 13.Qxd3 Nbd7 14.Qd2 Kh7 15.e5 dxe5 16.dxe5 Nd5
17.h4 Nc5 18.h5 Qc8 19.Be3 Ne6 20.Qd3 Nxe3 21.Qxe3 Rd8 22.Qe4 Rd5 23.Rad1 Qd7
24.Rxd5 Qxd5 25.hxg6+ fxg6 26.Qh4 g5 27.Qg4 Rf8 28.Nf5 Qxa2 29.Nxe7 Nf4 30.Qd7 Qe6
31.Qxe6 Nxe6 32.Nxc6 Rc8 33.Nxa5 Rxc2 34.b3 Rb2 35.Rd1 Nf4 36.Kf1 g4 37.Nd2 Rc2
38.Nac4 h5 39.g3 Ne6 40.Ne4 Bf8 41.Rd5 Kg6 42.Ra5 Nd4 43.Ra6+ Kg7 44.Ng5 Be7
45.Ne6+ Nxe6 46.Rxe6 Bc5 47.Rf6 Be7 48.Rf4 Bg5 49.Re4 Kf8 50.Nd6 Rc5 51.Nc4 Rd5
52.Ke2 Ke7 53.Ne3 Ra5 54.Kd3 Ke6 55.Rxb4 Rxe5 56.Re4 Be7 57.Nc4 Rxe4 58.Kxe4 Bc5
59.Ne3 Kf6 60.b4 Ba7 61.b5 Kg5 62.Kd3 h4 63.gxh4+ Kxh4 64.Ke2 Kh3 65.Nf5 Kg2
66.Ne3+ Kh3 67.Nf5 Kg2 68.Nh6 Kh3 69.Nf7 Kg2 70.Ne5 Kh3 71.Nd3 Kg2 72.Ne1+ Kg1
73.f4 gxf3+ 74.Kxf3 Kf1 75.Nc2 Bc5 76.Ke4 Ke2 77.Nd4+ Kd1 78.Kd5 Bb6 79.Ne6 Kc2
80.Nc5 Kc3 81.Kc6 Ba7 82.Ne4+ Kb4 83.Nd6 Bg1 84.Nf7 Ka5 85.Ne5 Ba7 86.Nd3 Ka4
87.Nf4 Ka5 88.Ne6 Kb4 89.Nc7 Bg1 90.Na6+ Kc4 91.Nc7 Kb4 92.Ne8 Ka5 93.Nd6 Kb4
94.Ne4 Be3 95.Nf6 Bg1 96.Nd5+ Ka5 97.Nf4 Kb4 98.Nd3+ Kc4 99.b6 Bxb6 100.Kxb6 Kxd3  1/2-1/2

[Event "XXVII Belgrade Trophy"]
[Site "Obrenovac SRB"]
[Date "2013.11.26"]
[Round "3.13"]
[White "Lukovic,V"]
[Black "Tasic,Z"]
[Result "1/2-1/2"]
[WhiteElo "2400"]
[BlackElo "2158"]

1.e4 g6 2.d4 Bg7 3.Nc3 c6 4.Nf3 d5 5.h3 Nh6 6.Bd3 f6 7.Ne2 O-O 8.O-O Na6
9.a3 Nf7 10.exd5 cxd5 11.c4 Nc7 12.Nc3 b6 13.b3 Bb7 14.Be3 Nd6 15.Nh4 e5
16.f4 f5 17.fxe5 Ne4 18.Bxe4 dxe4 19.g3 f4 20.Rxf4 Rxf4 21.Bxf4 g5 22.Nf5 gxf4
23.Qg4 Qf8 24.gxf4 Bc8 25.Qxg7+ Qxg7+ 26.Nxg7 Kxg7 27.Kf2 Bxh3 28.Nxe4 Bf5
29.Rg1+ Kf8 30.Nd6 Bc2 31.b4 Ne8 32.Nxe8 Rxe8 33.Rc1 Bb3 34.Ke3 Rc8 35.c5 b5
36.c6 Bc4 37.Rh1 Rxc6 38.Rxh7 Ra6 39.Ke4 Rxa3 40.f5 Ra1 41.e6 Re1+ 42.Kf4 Rf1+
43.Ke4 Re1+ 44.Kf4 Rf1+  1/2-1/2